00589nam a22001937a 450000500170000000800410001702000180005804000210007604100080009708200130010510000270011824500910014525000120023626000330024830000100028165000420029170000270033370000350036020260515115028.0240828b |||||||| |||| 00| 0 eng d a9789358495584 aIN-DiNCcIN-DiNC dasm a370bDEK aDeka, Nabanitaeauthor aSikshar samajtattwik vitti/cby Nabanita Deka, Dibakar Dutta and Rima Rekha Buragohain a1st ed. aDibrugarh:bBanalata,c2024. a343p. aSociological foundations of education aDutta, Dibakareauthor aBuragohain, Rima Rekhaeauthor